[Event "Memorial Gashimov"]
[Site "Shamkir"]
[Date "21.04.2017"]
[Round "1.1"]
[White "Eljanov, Pavel"]
[Black "Radjabov, Teimour"]
[Result "1-0"]
[WhiteTitle "GM"]
[BlackTitle "GM"]
[WhiteElo "2751"]
[BlackElo "2710"]
[WhiteFideId "14102951"]
[BlackFideId "13400924"]
[EventDate "2017.04.21"]

1. e4 e5 2. Nf3 Nc6 3. Bb5 Nf6 4. d3 Bc5 5. Bxc6 dxc6 6. O-O Nd7 7. c3 O-O 8. d4
Bd6 9. Bg5 f6 10. Qb3+ Kh8 11. Bh4 b6 12. Nbd2 Ba6 13. Rfe1 Qe7 14. dxe5 Nxe5
15. Nxe5 Qxe5 16. Bg3 Qe7 17. Bxd6 cxd6 18. Rad1 Bc8 19. Qa4 b5 20. Qa5 Bg4 21.
f3 Be6 22. Nf1 d5 23. exd5 Qc5+ 24. Ne3 Bxd5 25. a3 Rfe8 26. Qb4 Qb6 27. Qd4
Qxd4 28. Rxd4 Re7 29. Kf2 Rae8 30. Rdd1 Bb3 31. Nf5 Rxe1 32. Rxe1 Rxe1 33. Kxe1
Be6 34. Nd4 Bd5 35. Kd2 a6 36. Ke3 Kg8 37. Nf5 Kf7 38. Kd4 Be6 39. Ne3 Ke7 40.
Kc5 Kd7 41. Kb6 f5 42. f4 g5 43. g3 gxf4 44. gxf4 Kd6 45. Kxa6 Kc7 46. Ka5 1-0

[Event "Memorial Gashimov"]
[Site "Shamkir"]
[Date "21.04.2017"]
[Round "1.2"]
[White "Wojtaszek, Radoslaw"]
[Black "Kramnik, Vladimir"]
[Result "1/2-1/2"]
[WhiteTitle "GM"]
[BlackTitle "GM"]
[WhiteElo "2745"]
[BlackElo "2811"]
[WhiteFideId "1118358"]
[BlackFideId "4101588"]
[EventDate "2017.04.21"]

1. d4 Nf6 2. c4 e6 3. Nf3 d5 4. Nc3 c5 5. cxd5 Nxd5 6. e4 Nxc3 7. bxc3 cxd4 8.
cxd4 Bb4+ 9. Bd2 Bxd2+ 10. Qxd2 O-O 11. Bc4 Nd7 12. O-O b6 13. a4 Bb7 14. Bd3
Nf6 15. Rfe1 h6 16. a5 bxa5 17. Rxa5 Qc7 18. Rc1 Qd8 19. Re1 Qc7 20. Qb4 Rfb8
21. Rc5 Qf4 22. Qd2 Qxd2 23. Nxd2 Rd8 24. Nb3 a5 25. Rxa5 Rxa5 26. Nxa5 Rxd4 27.
Nxb7 Rxd3 28. f3 Nh5 29. Nc5 Rc3 30. Na4 Rc2 31. g3 Nf6 32. Re3 Nd7 33. Rc3 Re2
34. Nc5 Ne5 35. h4 g5 36. hxg5 hxg5 37. Kf1 Ra2 38. f4 Ng4 39. fxg5 Kg7 40. Rd3
Kg6 41. Nb3 Ne5 42. Rc3 Kxg5 43. Rc5 Kf6 44. Nd4 Ra4 45. Nc6 Ng4 46. e5+ Kf5 47.
Nd8 Kg6 48. Nc6 Ra2 49. Rc3 Kg5 50. Ke1 Ra8 51. Ke2 Ra6 52. Kd2 Rb6 53. Rc4 Rb2+
54. Ke1 Ne3 55. Rc3 Rb1+ 56. Ke2 Ng4 57. Rf3 Rb2+ 58. Ke1 Rb7 59. Rc3 Rb5 60.
Ke2 Rd5 61. Rc4 Nh6 62. Ra4 Rc5 63. Ra6 Kg4 64. Kf2 Rc2+ 65. Ke1 Rc5 66. Kf2 Kh3
67. Kf3 Rc3+ 68. Kf4 Rxg3 69. Nd8 Rg4+ 70. Kf3 Rg3+ 71. Kf4 Rg6 72. Ra7 Rg4+ 73.
Kf3 Rg8 74. Rd7 Kh4 75. Ke2 Rf8 76. Rd6 Re8 77. Rd7 Rf8 78. Rd6 Nf5 79. Rd7 Kg4
80. Nxf7 Kf4 81. Ra7 Nd4+ 82. Kd3 Nc6 83. Rc7 1/2-1/2

[Event "Memorial Gashimov"]
[Site "Shamkir"]
[Date "21.04.2017"]
[Round "1.4"]
[White "Karjakin, Sergey"]
[Black "Harikrishna, Pentala"]
[Result "1/2-1/2"]
[WhiteTitle "GM"]
[BlackTitle "GM"]
[WhiteElo "2783"]
[BlackElo "2755"]
[WhiteFideId "14109603"]
[BlackFideId "5007003"]
[EventDate "2017.04.21"]

1. d4 Nf6 2. c4 e6 3. Nf3 d5 4. Nc3 Bb4 5. cxd5 exd5 6. Bg5 h6 7. Bh4 O-O 8. e3
Bf5 9. Qb3 Bxc3+ 10. Qxc3 Nbd7 11. Nd2 Rc8 12. Be2 c5 13. O-O Qb6 14. Rfc1 Rfe8
15. Kf1 Ne4 16. Nxe4 dxe4 17. a4 cxd4 18. Qxd4 Qxd4 19. exd4 Nb6 20. Rc5 Rxc5
21. dxc5 Nd5 22. Rd1 Nf4 23. Bb5 Rc8 24. Rd8+ Rxd8 25. Bxd8 Nd3 26. c6 bxc6 27.
Bxc6 Nxb2 28. Ke2 Nc4 29. Be7 Ne5 30. Bb5 Bc8 31. Bd6 a6 32. Bxe5 axb5 33. axb5
f6 34. Bd6 Kf7 35. Ke3 Bd7 36. Kxe4 Bxb5 37. Kf3 h5 38. h4 g6 39. g3 Ke6 40. Ba3
Bc6+ 1/2-1/2

[Event "Memorial Gashimov"]
[Site "Shamkir"]
[Date "21.04.2017"]
[Round "1.5"]
[White "Topalov, Veselin"]
[Black "Adams, Michael"]
[Result "1/2-1/2"]
[WhiteTitle "GM"]
[BlackTitle "GM"]
[WhiteElo "2741"]
[BlackElo "2761"]
[WhiteFideId "2900084"]
[BlackFideId "400041"]
[EventDate "2017.04.21"]

1. e4 e5 2. Nf3 Nc6 3. Bb5 a6 4. Ba4 Nf6 5. O-O Be7 6. Re1 b5 7. Bb3 O-O 8. a4
b4 9. d3 d6 10. a5 Be6 11. Bxe6 fxe6 12. Nbd2 Rb8 13. c3 Qe8 14. d4 bxc3 15.
bxc3 exd4 16. cxd4 Rb5 17. Nc4 Qg6 18. Qe2 Nd7 19. Bd2 Bf6 20. Bc3 Rb3 21. Qc2
Rb5 22. Na3 Rb7 23. Qe2 Ra8 24. Rac1 Nd8 25. Nc4 Rb5 26. e5 Be7 27. exd6 cxd6
28. Bd2 Qf7 29. g3 Rab8 30. Bf4 Qf8 31. h4 h6 32. Kg2 Nf6 33. Bd2 Nd5 34. Ne3
Nxe3+ 35. fxe3 Qe8 36. e4 Nb7 37. Qc4 Bd8 38. Qc6 Bxa5 39. Bxa5 Rxa5 40. Re2
Qxc6 41. Rxc6 Rf8 42. Rb6 Ra3 1/2-1/2

[Event "Memorial Gashimov"]
[Site "Shamkir"]
[Date "22.04.2017"]
[Round "2.1"]
[White "Adams, Michael"]
[Black "So, Wesley"]
[Result "1/2-1/2"]
[WhiteTitle "GM"]
[BlackTitle "GM"]
[WhiteElo "2761"]
[BlackElo "2822"]
[WhiteFideId "400041"]
[BlackFideId "5202213"]
[EventDate "2017.04.21"]

1. c4 Nf6 2. g3 c6 3. Bg2 d5 4. Nf3 dxc4 5. O-O Nbd7 6. Na3 Nb6 7. Qc2 Be6 8.
Ne5 h5 9. b3 cxb3 10. axb3 h4 11. Bb2 Qc8 12. Rfc1 hxg3 13. hxg3 Bd5 14. Nf3 g6
15. Nc4 Bg7 16. Bd4 c5 17. Nxb6 axb6 18. b4 c4 19. Rxa8 Qxa8 20. d3 b5 21. e4
Bc6 22. dxc4 Bxe4 23. Qe2 O-O 24. Bxf6 Bxf3 25. Bxf3 Bxf6 26. c5 Rd8 27. Kg2 Qa3
28. Rc2 Qxb4 29. Bxb7 Rd7 30. Bc6 Rc7 31. Qxb5 Qxb5 32. Bxb5 Bd4 33. c6 Be5 34.
Ra2 Rc8 35. Ra7 Bd6 36. Kf3 Rb8 37. Rb7 Rxb7 38. cxb7 e6 39. Ke4 Kf8 40. g4 g5
41. f3 1/2-1/2

[Event "Memorial Gashimov"]
[Site "Shamkir"]
[Date "22.04.2017"]
[Round "2.2"]
[White "Wojtaszek, Radoslaw"]
[Black "Topalov, Veselin"]
[Result "0-1"]
[WhiteTitle "GM"]
[BlackTitle "GM"]
[WhiteElo "2745"]
[BlackElo "2741"]
[WhiteFideId "1118358"]
[BlackFideId "2900084"]
[EventDate "2017.04.21"]

1. d4 d5 2. c4 c6 3. Nf3 Nf6 4. e3 Bf5 5. Nc3 e6 6. Nh4 Bg6 7. Nxg6 hxg6 8. Bd3
c5 9. Qb3 Qd7 10. cxd5 exd5 11. dxc5 Nc6 12. Bd2 Bxc5 13. Rc1 Rd8 14. Na4 Bd6
15. Nc5 Bxc5 16. Rxc5 d4 17. Bb5 O-O 18. Bxc6 bxc6 19. f3 Qe7 20. Rc2 Nd5 21.
Kf2 Rb8 22. Qa3 Rxb2 23. Qxb2 dxe3+ 24. Bxe3 Qxe3+ 25. Kg3 Qf4+ 26. Kf2 Rb8 27.
Qc1 Qd4+ 28. Kg3 Ne3 29. Rc5 Rb2 30. Rg1 Rxa2 31. h3 Qd6+ 32. f4 Qd3 33. Kh2 Qe4
34. Rg5 Rc2 0-1

[Event "Memorial Gashimov"]
[Site "Shamkir"]
[Date "22.04.2017"]
[Round "2.5"]
[White "Harikrishna, Pentala"]
[Black "Eljanov, Pavel"]
[Result "0-1"]
[WhiteTitle "GM"]
[BlackTitle "GM"]
[WhiteElo "2755"]
[BlackElo "2751"]
[WhiteFideId "5007003"]
[BlackFideId "14102951"]
[EventDate "2017.04.21"]

1. d4 Nf6 2. c4 e6 3. Nc3 Bb4 4. e3 O-O 5. Bd3 c5 6. Nf3 b6 7. d5 exd5 8. cxd5
Nxd5 9. Bxh7+ Kxh7 10. Qxd5 Bxc3+ 11. bxc3 Qf6 12. Bb2 Nc6 13. O-O-O Kg8 14. h4
Ba6 15. h5 Qh6 16. Nh4 Qe6 17. Qxe6 dxe6 18. h6 Bc4 19. Nf3 Rad8 20. Rxd8 Rxd8
21. Rh4 b5 22. Ba3 gxh6 23. Bxc5 Bxa2 24. Nd4 Rd5 25. Rg4+ Kh7 26. Bf8 Ne5 27.
Rg7+ Kh8 28. Rg3 Nd3+ 29. Kc2 Nxf2 30. Rf3 Ne4 31. Rxf7 Rg5 32. Rxa7 Rxg2+ 33.
Kc1 Nxc3 34. Bxh6 b4 35. Bf4 Bd5 36. Be5+ Kg8 37. Rc7 Na2+ 38. Kb1 Nc3+ 39. Kc1
Ra2 40. Rc8+ Kf7 41. Nc2 Ne2+ 42. Kd1 b3 43. Kxe2 Be4 44. Kd2 Kg6 45. Bd4 bxc2
46. Rg8+ Kh5 47. Rh8+ Kg4 48. Rg8+ Kf3 49. Rf8+ Bf5 50. Kc1 Ra4 51. Rb8 Ra3 52.
Rf8 Ke2 53. Rh8 Rb3 54. Rh2+ Kf1 0-1

[Event "Memorial Gashimov"]
[Site "Shamkir"]
[Date "23.04.2017"]
[Round "3.2"]
[White "Topalov, Veselin"]
[Black "Kramnik, Vladimir"]
[Result "1/2-1/2"]
[WhiteTitle "GM"]
[BlackTitle "GM"]
[WhiteElo "2741"]
[BlackElo "2811"]
[WhiteFideId "2900084"]
[BlackFideId "4101588"]
[EventDate "2017.04.21"]

1. c4 e6 2. Nc3 d5 3. d4 Nf6 4. Bg5 Be7 5. e3 h6 6. Bh4 O-O 7. Nf3 Nbd7 8. Rc1
c5 9. dxc5 Nxc5 10. cxd5 g5 11. Bg3 Nxd5 12. Nxd5 Qxd5 13. Qxd5 exd5 14. Be2 Bd7
15. O-O Rac8 16. Be5 g4 17. Nd4 h5 18. Nb5 f6 19. Bd4 Ne6 20. Nxa7 Ra8 21. Nb5
Rxa2 22. Bc3 Kf7 23. Rcd1 Bc6 24. f3 Bc5 25. Kh1 Bxe3 26. Nd6+ Kg8 27. fxg4 Nf4
28. Nf5 Nxe2 29. Nxe3 Nxc3 30. bxc3 hxg4 31. Rd4 f5 32. Kg1 Bb5 33. Rb1 Bc6 34.
Rf1 Bb5 35. Rb1 Bc6 1/2-1/2

[Event "Memorial Gashimov"]
[Site "Shamkir"]
[Date "23.04.2017"]
[Round "3.4"]
[White "So, Wesley"]
[Black "Wojtaszek, Radoslaw"]
[Result "1/2-1/2"]
[WhiteTitle "GM"]
[BlackTitle "GM"]
[WhiteElo "2822"]
[BlackElo "2745"]
[WhiteFideId "5202213"]
[BlackFideId "1118358"]
[EventDate "2017.04.21"]

1. Nf3 d5 2. d4 Nf6 3. Bf4 Bf5 4. e3 e6 5. c4 Bxb1 6. Qxb1 Bb4+ 7. Kd1 Bd6 8.
Bg5 h6 9. Bxf6 Qxf6 10. c5 Bf8 11. Qc2 c6 12. b4 a6 13. Bd3 Nd7 14. Ke2 g5 15.
h3 Bg7 16. a4 Qe7 17. Rad1 O-O 18. g4 e5 19. Bh7+ Kh8 20. Bf5 exd4 21. h4 Ne5
22. Nxd4 gxh4 23. Bd3 Qg5 24. Rdg1 Nxd3 25. Qxd3 Bxd4 26. Qxd4+ Qg7 27. Qd2 Qf6
28. g5 hxg5 29. f4 Rg8 30. fxg5 Qe5 31. Rxh4+ Kg7 32. g6 Rh8 33. gxf7+ Kxf7 34.
Qd4 Qxd4 35. Rxd4 Rag8 36. Rf1+ Ke7 37. Rdf4 Rf8 38. Rxf8 Rxf8 39. Rxf8 Kxf8 40.
e4 dxe4 1/2-1/2

[Event "Memorial Gashimov"]
[Site "Shamkir"]
[Date "24.04.2017"]
[Round "4.1"]
[White "Wojtaszek, Radoslaw"]
[Black "Karjakin, Sergey"]
[Result "1/2-1/2"]
[WhiteTitle "GM"]
[BlackTitle "GM"]
[WhiteElo "2745"]
[BlackElo "2783"]
[WhiteFideId "1118358"]
[BlackFideId "14109603"]
[EventDate "2017.04.21"]

1. d4 Nf6 2. c4 e6 3. Nf3 d5 4. Nc3 c5 5. cxd5 Nxd5 6. g3 Nc6 7. Bg2 cxd4 8.
Nxd4 Nxc3 9. bxc3 Nxd4 10. Qxd4 Qxd4 11. cxd4 Bd6 12. a4 Rb8 13. Ba3 Ke7 14.
Bxd6+ Kxd6 15. Kd2 Bd7 16. Rhc1 Rhc8 17. a5 Rxc1 18. Rxc1 b6 19. axb6 Rxb6 20.
Ra1 Rb2+ 21. Kd1 Rb4 22. Ra6+ Ke7 23. Rxa7 Rxd4+ 24. Ke1 Ra4 25. Rxa4 Bxa4 1/2-1/2

[Event "Memorial Gashimov"]
[Site "Shamkir"]
[Date "24.04.2017"]
[Round "4.2"]
[White "Adams, Michael"]
[Black "Eljanov, Pavel"]
[Result "1/2-1/2"]
[WhiteTitle "GM"]
[BlackTitle "GM"]
[WhiteElo "2761"]
[BlackElo "2751"]
[WhiteFideId "400041"]
[BlackFideId "14102951"]
[EventDate "2017.04.21"]

1. e4 e5 2. Nf3 Nc6 3. Bc4 Bc5 4. O-O Nf6 5. d3 d6 6. c3 a6 7. a4 Ba7 8. Na3 h6
9. Nc2 O-O 10. Be3 Bxe3 11. Nxe3 Be6 12. Bxe6 fxe6 13. a5 d5 14. Qb3 Qd6 15.
exd5 exd5 16. c4 Kh7 17. Nxd5 Rad8 18. Qxb7 Nxd5 19. cxd5 Qxd5 20. Rac1 Rd6 21.
Nd2 Rg6 22. Ne4 Qxd3 23. Ng3 Nd4 24. Rc3 Ne2+ 25. Nxe2 Qxe2 26. Re3 Qd2 27. Qe4
Qxb2 28. Rg3 Rf6 29. Rxg6 Rxg6 30. g3 Qd4 31. Qf5 Qd5 32. Re1 Qxa5 33. Rxe5 Qa1+
34. Kg2 Qc1 35. h4 Qc6+ 36. Kg1 Qf6 37. Qe4 Qc6 38. Qd3 Kh8 39. Qd8+ Kh7 40. Qd3
Kh8 41. Qd8+ Kh7 42. Qd3 1/2-1/2

[Event "Memorial Gashimov"]
[Site "Shamkir"]
[Date "24.04.2017"]
[Round "4.4"]
[White "Topalov, Veselin"]
[Black "So, Wesley"]
[Result "1/2-1/2"]
[WhiteTitle "GM"]
[BlackTitle "GM"]
[WhiteElo "2741"]
[BlackElo "2822"]
[WhiteFideId "2900084"]
[BlackFideId "5202213"]
[EventDate "2017.04.21"]

1. e4 e5 2. Nf3 Nc6 3. Bb5 Nf6 4. O-O Nxe4 5. Re1 Nd6 6. Nxe5 Be7 7. Bf1 Nxe5 8.
Rxe5 O-O 9. d4 Bf6 10. Re1 Re8 11. c3 Rxe1 12. Qxe1 Ne8 13. Bf4 d5 14. Bd3 g6
15. Nd2 c6 16. Nf3 Ng7 17. Qe2 Bf5 18. Bxf5 Nxf5 19. Re1 Ng7 20. Ne5 Bxe5 21.
Qxe5 f6 22. Qe7 Qxe7 23. Rxe7 Re8 24. Rxe8+ Nxe8 25. Kf1 Kf7 26. Ke2 h5 27. a4
g5 28. Bb8 a6 29. h3 Ng7 30. a5 Kg6 31. g4 f5 32. f3 Ne6 33. b4 Nd8 34. Bc7 Nf7
35. Kf2 hxg4 36. hxg4 Kf6 37. Kg3 Ke6 38. Bb8 Nh6 39. Kh3 fxg4+ 40. fxg4 Ng8 41.
Ba7 Nf6 42. Bc5 Ne4 43. Kg2 Nxc3 44. Kf3 Ne4 45. Kg2 Nf6 46. Kf3 Kd7 47. Kg3 Kc7
48. Kf3 Ne4 49. Bb6+ Kd7 50. Bc5 Nd6 51. Ke3 Kc7 52. Bb6+ Kc8 53. Bc5 Nc4+ 54.
Ke2 Kd7 55. Kd3 Ke6 56. Ke2 Kf6 57. Kf3 Nd2+ 58. Ke2 Ne4 59. Ke3 Kg6 60. Ke2 Nf6
61. Kf3 Kf7 62. Kg3 Ke6 63. Kf3 Kf7 64. Kg3 Ke6 1/2-1/2

[Event "Memorial Gashimov"]
[Site "Shamkir"]
[Date "24.04.2017"]
[Round "4.5"]
[White "Kramnik, Vladimir"]
[Black "Harikrishna, Pentala"]
[Result "1-0"]
[WhiteTitle "GM"]
[BlackTitle "GM"]
[WhiteElo "2811"]
[BlackElo "2755"]
[WhiteFideId "4101588"]
[BlackFideId "5007003"]
[EventDate "2017.04.21"]

1. e4 e5 2. Nf3 Nc6 3. Bb5 a6 4. Ba4 Nf6 5. O-O Be7 6. d3 b5 7. Bb3 d6 8. a3 O-O
9. Nc3 Nb8 10. Ne2 Nbd7 11. c3 Bb7 12. Ng3 c5 13. Re1 Rc8 14. Nf5 c4 15. dxc4
Bxe4 16. Nxe7+ Qxe7 17. cxb5 axb5 18. Bg5 Nc5 19. Ba2 h6 20. Bh4 g5 21. Bg3 Bh7
22. Qe2 Kg7 23. Rad1 Nfe4 24. Rd5 f5 25. Rxe5 dxe5 26. Bxe5+ Nf6 27. Qxb5 Ne4
28. Bd4 Rfd8 29. h3 Rb8 30. Qe2 Bg8 31. Bb1 Qb7 32. b4 Re8 33. c4 Qc6 34. Qb2
Rbd8 35. c5 Qe6 36. b5 Kf8 37. c6 g4 38. hxg4 fxg4 39. Bxe4 gxf3 40. Bxf6 Rd6
41. Bg7+ Kf7 42. Be5 1-0

[Event "Memorial Gashimov"]
[Site "Shamkir"]
[Date "25.04.2017"]
[Round "5.1"]
[White "Eljanov, Pavel"]
[Black "Wojtaszek, Radoslaw"]
[Result "1/2-1/2"]
[WhiteTitle "GM"]
[BlackTitle "GM"]
[WhiteElo "2751"]
[BlackElo "2745"]
[WhiteFideId "14102951"]
[BlackFideId "1118358"]
[EventDate "2017.04.21"]

1. Nf3 d5 2. g3 c5 3. Bg2 Nc6 4. d4 Nf6 5. O-O e6 6. c4 dxc4 7. dxc5 Qxd1 8.
Rxd1 Bxc5 9. Nbd2 c3 10. bxc3 O-O 11. Nb3 Be7 12. Nfd4 Bd7 13. Nxc6 Bxc6 14.
Bxc6 bxc6 15. c4 Rfb8 16. f3 Kf8 17. Bd2 Ke8 18. Bc3 g6 19. Kf2 Nd7 20. Ba5 Rb7
21. Rac1 Nc5 22. Nd4 Rc8 23. Rb1 e5 24. Rxb7 Nxb7 25. Nb3 Nxa5 26. Nxa5 Bc5+ 27.
Kf1 Bb4 28. Nb3 Ke7 29. e4 f5 30. Ke2 fxe4 31. fxe4 Rb8 32. Rb1 Bc5 33. Rd1 Bb4
34. Rc1 Rb6 35. c5 Ra6 36. Rc2 Ra4 37. Kd3 Ba5 38. Rb2 Ke6 39. Rf2 Bd8 40. Rf8
Be7 41. Rf2 h5 42. Rc2 Ra3 43. Kc3 Ra4 44. Kd3 Ra3 45. Kc3 1/2-1/2

[Event "Memorial Gashimov"]
[Site "Shamkir"]
[Date "25.04.2017"]
[Round "5.2"]
[White "So, Wesley"]
[Black "Kramnik, Vladimir"]
[Result "1-0"]
[WhiteTitle "GM"]
[BlackTitle "GM"]
[WhiteElo "2822"]
[BlackElo "2811"]
[WhiteFideId "5202213"]
[BlackFideId "4101588"]
[EventDate "2017.04.21"]

1. c4 e6 2. g3 d5 3. Bg2 Nf6 4. Nf3 Be7 5. O-O O-O 6. d4 dxc4 7. Qc2 a6 8. a4
Bd7 9. Qxc4 Bc6 10. Bf4 a5 11. Nc3 Nbd7 12. Qd3 Bb4 13. Rfe1 Re8 14. Qc2 Bxf3
15. Bxf3 c6 16. Red1 Qe7 17. Na2 Bd6 18. Bxd6 Qxd6 19. Nc1 Nd5 20. e4 Nb4 21.
Qc3 e5 22. Nb3 Qe7 23. Bg2 exd4 24. Rxd4 Nf8 25. Rad1 Red8 26. R1d2 Ne6 27.
Rxd8+ Rxd8 28. Nxa5 Ra8 29. Nc4 Rxa4 30. Nd6 Ra1+ 31. Bf1 Na6 32. Kg2 Nac7 33.
Nf5 Qe8 34. Bc4 Ra8 35. Rd6 Qf8 36. Rd7 Re8 37. Qe5 b5 38. Ba2 g6 39. Ne3 Re7
40. Rxe7 Qxe7 41. Ng4 Qg5 42. Nf6+ Kh8 43. Nd7+ Qxe5 44. Nxe5 Nd4 45. Bxf7 c5
46. f4 c4 47. Kf2 Kg7 48. Ke3 Nb3 49. g4 Nc5 50. h4 Na4 51. b3 cxb3 52. Bxb3 Nc5
53. Bd1 h6 54. Nc6 N7a6 55. Kd4 Ne6+ 56. Ke5 Nec5 57. Bc2 b4 58. Nd4 g5 59. hxg5
hxg5 60. f5 Nd7+ 61. Kd6 Nf6 62. e5 Nxg4 63. Ne6+ Kh6 64. f6 Nb8 65. Ba4 1-0

[Event "Memorial Gashimov"]
[Site "Shamkir"]
[Date "27.04.2017"]
[Round "6.2"]
[White "Topalov, Veselin"]
[Black "Eljanov, Pavel"]
[Result "1-0"]
[WhiteTitle "GM"]
[BlackTitle "GM"]
[WhiteElo "2741"]
[BlackElo "2751"]
[WhiteFideId "2900084"]
[BlackFideId "14102951"]
[EventDate "2017.04.21"]

1. d4 Nf6 2. c4 e6 3. Nf3 b6 4. g3 Bb7 5. Bg2 Be7 6. Nc3 Ne4 7. Bd2 Bf6 8. Qc2
Nxd2 9. Qxd2 d6 10. h4 Nd7 11. Rd1 O-O 12. Qc2 c6 13. e4 Qc7 14. Ng5 e5 15. d5
h6 16. Nf3 a6 17. dxc6 Qxc6 18. Bf1 Rfc8 19. a4 Nc5 20. Nd2 Ne6 21. Qb1 Nd4 22.
Bh3 Rf8 23. Rc1 Bd8 24. O-O f5 25. Kh2 f4 26. Qd3 Kh8 27. b3 Bc8 28. Bxc8 Qxc8
29. Ne2 Nxe2 30. Qxe2 Ra7 31. Rc3 b5 32. Rd3 bxa4 33. bxa4 Raf7 34. Rxd6 Bxh4
35. Rd5 f3 36. Qd3 Qg4 37. Rh1 Bg5 38. c5 Rb8 39. Nc4 Rfb7 40. Nb6 Rxb6 41. cxb6
Rxb6 42. Rxe5 Bh4 43. Qc3 Rg6 44. Qe1 Bg5 45. Rf5 Rd6 46. Rf8+ Kh7 47. e5 Rd3
48. e6 Be7 49. Rf4 Qh5+ 50. Kg1 Qd5 51. Qe4+ Qxe4 52. Rxe4 Kg6 53. Kh2 Rd2 54.
Rf1 Kf5 55. Re3 Kg4 56. Kg1 g5 57. Rc1 Ra2 58. Kf1 Rxa4 59. Rc7 Bb4 60. Rc4+ 1-0

[Event "Memorial Gashimov"]
[Site "Shamkir"]
[Date "27.04.2017"]
[Round "6.4"]
[White "So, Wesley"]
[Black "Karjakin, Sergey"]
[Result "1-0"]
[WhiteTitle "GM"]
[BlackTitle "GM"]
[WhiteElo "2822"]
[BlackElo "2783"]
[WhiteFideId "5202213"]
[BlackFideId "14109603"]
[EventDate "2017.04.21"]

1. Nf3 Nf6 2. c4 c5 3. Nc3 Nc6 4. e3 e6 5. d4 d5 6. a3 a6 7. dxc5 Bxc5 8. b4 Ba7
9. Bb2 O-O 10. h3 h6 11. Rc1 Re8 12. Bd3 dxc4 13. Bxc4 Qxd1+ 14. Rxd1 b5 15. Bd3
Bb7 16. Ke2 Kf8 17. Rhg1 Rad8 18. Bb1 Ne7 19. Nd2 Bb6 20. g4 Ned5 21. Nxd5 Nxd5
22. Nb3 f6 23. Bg6 Re7 24. Rc1 Red7 25. Rgd1 Ne7 26. Rxd7 Rxd7 27. Bb1 Rc7 28.
Rxc7 Bxc7 29. Nc5 Bc8 30. Ba2 Nd5 31. f4 Bd6 32. Bd4 Kf7 33. Kd3 Ne7 34. Ne4 Bc7
35. f5 Nc6 36. fxe6+ Bxe6 37. Bxe6+ Kxe6 38. Nc5+ Ke7 39. Nxa6 Bd6 40. Bc5 Ne5+
41. Ke4 Nc4 42. Kd5 Bxc5 43. Kxc5 Nxa3 44. Nc7 Kd7 45. Nxb5 Nc2 46. Nd4 Nxe3 47.
Nf5 Nd1 48. Kb6 g6 49. Nxh6 Ne3 50. b5 f5 51. Ka6 fxg4 52. hxg4 Nd5 53. b6 Kc6
54. b7 Nc7+ 55. Ka7 Nb5+ 56. Ka8 Nc7+ 57. Kb8 Nb5 58. Ka8 Nc7+ 59. Kb8 Nb5 60.
Nf7 Kb6 61. g5 Ka6 62. Nd8 Kb6 63. Kc8 Nd6+ 64. Kd7 1-0

[Event "Memorial Gashimov"]
[Site "Shamkir"]
[Date "27.04.2017"]
[Round "6.5"]
[White "Adams, Michael"]
[Black "Harikrishna, Pentala"]
[Result "1/2-1/2"]
[WhiteTitle "GM"]
[BlackTitle "GM"]
[WhiteElo "2761"]
[BlackElo "2755"]
[WhiteFideId "400041"]
[BlackFideId "5007003"]
[EventDate "2017.04.21"]

1. e4 e5 2. Nf3 Nc6 3. Bb5 a6 4. Ba4 Nf6 5. O-O Be7 6. d3 b5 7. Bb3 d6 8. a3 O-O
9. Nc3 Nb8 10. Re1 Nbd7 11. Ne2 Nc5 12. Ba2 Be6 13. Bxe6 Nxe6 14. Ng3 g6 15. c3
c5 16. d4 exd4 17. cxd4 d5 18. e5 Ne4 19. Bh6 Re8 20. dxc5 Nxg3 21. hxg3 Bxc5
22. Rc1 d4 23. Ng5 Qd5 24. Ne4 Be7 25. Qf3 Qxe5 26. Nc5 Qf6 27. Nxe6 Qxf3 28.
gxf3 fxe6 29. Rxe6 Bf8 30. Rxe8 Rxe8 31. Bxf8 Kxf8 32. Kf1 d3 33. Rd1 Rd8 34.
Ke1 Re8+ 35. Kf1 Rd8 36. Ke1 Re8+ 37. Kf1 Rd8 1/2-1/2

[Event "Memorial Gashimov"]
[Site "Shamkir"]
[Date "28.04.2017"]
[Round "7.1"]
[White "Harikrishna, Pentala"]
[Black "Wojtaszek, Radoslaw"]
[Result "1/2-1/2"]
[WhiteTitle "GM"]
[BlackTitle "GM"]
[WhiteElo "2755"]
[BlackElo "2745"]
[WhiteFideId "5007003"]
[BlackFideId "1118358"]
[EventDate "2017.04.21"]

1. d4 Nf6 2. c4 e6 3. Nc3 Bb4 4. e3 O-O 5. Bd3 c5 6. Nf3 d5 7. cxd5 exd5 8. dxc5
Nbd7 9. O-O Nxc5 10. Ne2 Bg4 11. Nfd4 Nxd3 12. Qxd3 Bxe2 13. Nxe2 Bd6 14. Bd2
Be5 15. Bc3 Qd6 16. Bxe5 Qxe5 17. Qd4 Qxd4 18. Nxd4 Rfc8 19. Rac1 Kf8 20. f3 h5
21. Rfd1 a6 22. Kf2 g6 23. Ne2 Ke7 24. Nc3 b5 25. Rd4 Rc5 26. Rcd1 Rac8 27. Ke1
Ke6 28. a4 bxa4 29. Rxa4 a5 30. Ne2 Ke7 31. Nd4 Nd7 32. Rda1 Ne5 33. Rxa5 Nd3+
34. Ke2 Nxb2 35. Ra7+ R8c7 36. R1a5 Rxa7 37. Rxc5 Rd7 38. f4 Na4 39. Ra5 Nb6 40.
Nc6+ Kd6 41. Ne5 Rc7 42. Ra6 Kc5 43. Kd3 Nc4 44. Ra8 Kd6 45. Rd8+ Ke6 46. Nf3
Nb2+ 47. Kd2 Nc4+ 48. Ke2 Re7 49. Nd4+ Kf6 50. Nc2 Rb7 51. Kd3 Rb3+ 52. Kd4 Rb2
53. Kc3 Rxc2+ 54. Kxc2 Nxe3+ 55. Kd2 Nxg2 56. Rxd5 1/2-1/2

[Event "Memorial Gashimov"]
[Site "Shamkir"]
[Date "28.04.2017"]
[Round "7.2"]
[White "Eljanov, Pavel"]
[Black "So, Wesley"]
[Result "1/2-1/2"]
[WhiteTitle "GM"]
[BlackTitle "GM"]
[WhiteElo "2751"]
[BlackElo "2822"]
[WhiteFideId "14102951"]
[BlackFideId "5202213"]
[EventDate "2017.04.21"]

1. Nf3 d5 2. g3 Bg4 3. Bg2 c6 4. O-O Nd7 5. h3 Bh5 6. d4 e6 7. c4 Be7 8. Nc3
dxc4 9. b3 cxb3 10. Qxb3 Ngf6 11. Qxb7 O-O 12. Bf4 Qa5 13. g4 Bg6 14. g5 Nh5 15.
Bd2 Rfd8 16. Qxc6 Rac8 17. Qb5 Qxb5 18. Nxb5 a6 19. Na7 Rc7 20. Ba5 Rxa7 21.
Bxd8 Bxd8 22. Rfc1 Kf8 23. e3 Be4 24. Rc8 Ke7 25. Nd2 Bxg2 26. Kxg2 f6 27. h4 g6
28. Ne4 f5 29. Nc5 Nxc5 30. dxc5 Rc7 31. Ra8 Rxc5 32. Rd1 Bc7 33. Rh8 Be5 34.
Rhd8 Rc7 35. Ra8 f4 36. e4 Rc3 37. f3 Ng3 38. Rxa6 Rc2+ 39. Kh3 Rc3 40. Kg2 Rc2+
41. Kh3 Rc3 1/2-1/2

[Event "Memorial Gashimov"]
[Site "Shamkir"]
[Date "28.04.2017"]
[Round "7.4"]
[White "Radjabov, Teimour"]
[Black "Topalov, Veselin"]
[Result "1/2-1/2"]
[WhiteTitle "GM"]
[BlackTitle "GM"]
[WhiteElo "2710"]
[BlackElo "2741"]
[WhiteFideId "13400924"]
[BlackFideId "2900084"]
[EventDate "2017.04.21"]

1. e4 c5 2. Nf3 d6 3. d4 cxd4 4. Nxd4 Nf6 5. Nc3 a6 6. Bc4 e6 7. Bb3 b5 8. Bg5
Be7 9. Qf3 Qc7 10. e5 Bb7 11. exd6 Bxd6 12. Qe3 Bc5 13. O-O-O Nc6 14. Bxf6 gxf6
15. Nd5 Qe5 16. Qxe5 Nxe5 17. Nc7+ Ke7 18. Nxa8 Bxg2 19. Rhe1 Bxd4 20. Rxd4 Nf3
21. Rxe6+ fxe6 22. Rg4 Rxa8 23. Rxg2 Kf7 24. Rg3 Nd4 25. Rh3 Kg6 26. Rg3+ Kf7
27. Rh3 Kg6 28. Rg3+ Kf7 1/2-1/2